000 00761cam a22002415a 4500
001 016954918
003 OSt
005 20201128024041.0
008 140916t2015 enka fr 000 0 eng d
020 _a9781408093948
040 _aStDuBDS
_beng
_cStDuBDS
_dEG-ScBUE
082 0 4 _a658.1511
_222
_bDRU
100 1 _aDrury, Colin.
_910737
245 1 0 _aManagement and cost accounting :
_pstudent's manual /
_cColin Drury.
250 _a9th ed.
260 _aHampshire :
_bCengage Learning,
_cc.2015.
300 _a402 p. :
_bill. ;
_c25 cm.
650 7 _aManagerial accounting
_vProblems, exercises, etc.
_2BUEsh
_940704
650 7 _aCost accounting
_2BUEsh
_91415
_xProblems, exercises, etc.
651 _2BUEsh
653 _bBUSECO
_cDecember2016
942 _2ddc
999 _c23454
_d23426